000 00585nam a22001457a 4500
008 160525b xxu||||| |||| 00| 0 eng d
082 _22010
_aUT 0213
_bT12
100 _98937
_aTagalog, John Salvador.
245 _aFactors affecting the banana (Cardava) production in Hagonoy, Davao del Sur/
_cJohn Salvador Tagalog and Jumarie Suson.
260 _aDigos City:
_bUMDC
_cMarch 2010.
300 _a54 pages;
_c28 cm.
650 0 _98936
_aBusiness Administration
_vFinancial Management
_vHuman Resource Management
_xUndergraduate thesis.
700 _98935
_aSuson, Jumarie.
942 _2ddc
_cUT
999 _c2706
_d2706